Weezer - No Other One (lyrics) - Statistics

General Stats
  • This quiz has been taken 22 times
  • The average score is 81 of 158
Answer Stats
Answer % Correct
My
100%
a
91%
girl's
91%
all
82%
beside
82%
but
82%
her
82%
I
82%
liar
82%
she's
82%
stand
82%
alone
73%
and
73%
be
73%
don't
73%
don't
73%
friends
73%
girl
73%
got
73%
I
73%
I've
73%
me
73%
my
73%
my
73%
see
73%
she's
73%
wanna
73%
when
73%
with
73%
all
64%
alone
64%
and
64%
be
64%
don't
64%
got
64%
I
64%
is
64%
I've
64%
no
64%
no
64%
other
64%
she's
64%
there
64%
wanna
64%
all
55%
any
55%
can't
55%
does
55%
drugs
55%
good
55%
have
55%
I
55%
I
55%
I
55%
is
55%
me
55%
no
55%
no
55%
of
55%
one
55%
one
55%
one
55%
other
55%
other
55%
real
55%
scare
55%
she
55%
the
55%
there
55%
though
55%
would
55%
a
45%
all
45%
alone
45%
and
45%
and
45%
be
45%
could
45%
don't
45%
got
45%
got
45%
her
45%
her
45%
knows
45%
knows
45%
like
45%
like
45%
me
45%
me
45%
never
45%
nobody
45%
nobody
45%
one
45%
pet
45%
she's
45%
snakes
45%
tattoo
45%
two
45%
wanna
45%
we
45%
we're
45%
we've
45%
with
45%
any
36%
any
36%
can't
36%
could
36%
could
36%
have
36%
have
36%
I
36%
I
36%
I
36%
I
36%
I
36%
I
36%
is
36%
is
36%
is
36%
is
36%
never
36%
never
36%
no
36%
no
36%
no
36%
no
36%
no
36%
no
36%
no
36%
no
36%
now
36%
now
36%
now
36%
one
36%
one
36%
one
36%
one
36%
one
36%
one
36%
one
36%
one
36%
other
36%
other
36%
other
36%
other
36%
other
36%
other
36%
there
36%
there
36%
there
36%
there
36%
though
36%
though
36%
with
36%
with
36%
won't
36%
would
36%
would
36%
No matching quizzes found
Score Distribution
Percent of People with Each Score
Percentile by Number Answered
Your Score History
You have not taken this quiz